000 00500nam a2200181Ia 4500
008 230917s9999||||xx |||||||||||||| ||und||
020 _cGBP41.99
040 _e258058
_aMAIN
041 _aEnglish
082 _a174.2 M53B(2)
100 _aMepham, Ben
245 0 _aBioethics: An introduction for the biosciences
250 _a2nd ed.
260 _aOxford
_bOxford University Press
_c2013
300 _axviii, 418 p.
500 _a3646 27/09/2019 HBD19/3646 29/11/2019 Main Budget
942 _cBK
999 _c33009
_d33009